000 00999nam a22003137a 4500
003 CHAP
005 20220329134921.0
008 971013s1981 r 00010 d
010 _a28051
011 _a29023
035 _a33134
040 _cCHAP
082 _a551.49
_bL3
100 0 0 _aLal, Rattan
_eed.
_964518
245 _aTropical agricultural hydrology
_b: watershed management and land use
260 _aChichester, ENgland :
_bWiley,
_c1981
300 _a482 p.
_b: ilus.
590 _aBATCH-UPD
_b10
_c20130110
_lUCH01
_h0912
590 _aBATCH-UPD
_b10
_c20130410
_lUCH01
_h0537
590 _aBATCH-UPD
_b10
_c20130913
_lUCH01
_h2354
590 _aCONVERSION
_b10
_c20130109
_lUCH01
_h1316
650 1 4 _aAgricultura
_xTrópicos.
_91888
650 1 4 _aEcología agrícola.
_935165
650 1 4 _aHidrología.
_955257
650 1 4 _aTierras
_xUtilización.
_9113219
901 _aBK
942 _cLIBRO
949 _a551.49 L3
_bBC
_cLIBRO
_d33724000462255
_eLIBRO
_h57919
_i33134
_mDirecto
_si
_t2704.00
999 _c28051
_d28051